<?xml version="1.0" encoding="UTF-8"?><?xml-stylesheet type="text/xsl" href="static/style.xsl"?><OAI-PMH xmlns="http://www.openarchives.org/OAI/2.0/" xmlns:xsi="http://www.w3.org/2001/XMLSchema-instance" xsi:schemaLocation="http://www.openarchives.org/OAI/2.0/ http://www.openarchives.org/OAI/2.0/OAI-PMH.xsd"><responseDate>2026-04-17T05:42:01Z</responseDate><request verb="GetRecord" identifier="oai:www.recercat.cat:10256/28417" metadataPrefix="marc">https://recercat.cat/oai/request</request><GetRecord><record><header><identifier>oai:recercat.cat:10256/28417</identifier><datestamp>2026-03-21T20:13:47Z</datestamp><setSpec>com_2072_452955</setSpec><setSpec>com_2072_2054</setSpec><setSpec>col_2072_452960</setSpec></header><metadata><record xmlns="http://www.loc.gov/MARC21/slim" xmlns:dcterms="http://purl.org/dc/terms/" xmlns:xsi="http://www.w3.org/2001/XMLSchema-instance" xmlns:doc="http://www.lyncode.com/xoai" xsi:schemaLocation="http://www.loc.gov/MARC21/slim http://www.loc.gov/standards/marcxml/schema/MARC21slim.xsd">
   <leader>00925njm 22002777a 4500</leader>
   <datafield ind2=" " ind1=" " tag="042">
      <subfield code="a">dc</subfield>
   </datafield>
   <datafield ind2=" " ind1=" " tag="720">
      <subfield code="a">Huerta, Miguel Á.</subfield>
      <subfield code="e">author</subfield>
   </datafield>
   <datafield ind2=" " ind1=" " tag="720">
      <subfield code="a">Mayo-Moldes, Mónica</subfield>
      <subfield code="e">author</subfield>
   </datafield>
   <datafield ind2=" " ind1=" " tag="720">
      <subfield code="a">Garcia, Miguel M.</subfield>
      <subfield code="e">author</subfield>
   </datafield>
   <datafield ind2=" " ind1=" " tag="720">
      <subfield code="a">García-Parra, Beliu</subfield>
      <subfield code="e">author</subfield>
   </datafield>
   <datafield ind2=" " ind1=" " tag="720">
      <subfield code="a">Matute, Mercè</subfield>
      <subfield code="e">author</subfield>
   </datafield>
   <datafield ind2=" " ind1=" " tag="720">
      <subfield code="a">López-Tofiño Torrejon, Yolanda</subfield>
      <subfield code="e">author</subfield>
   </datafield>
   <datafield ind2=" " ind1=" " tag="720">
      <subfield code="a">Paniagua, Nancy</subfield>
      <subfield code="e">author</subfield>
   </datafield>
   <datafield ind2=" " ind1=" " tag="720">
      <subfield code="a">Salmerón, Marcos</subfield>
      <subfield code="e">author</subfield>
   </datafield>
   <datafield ind2=" " ind1=" " tag="720">
      <subfield code="a">Taylor, Julian</subfield>
      <subfield code="e">author</subfield>
   </datafield>
   <datafield ind2=" " ind1=" " tag="720">
      <subfield code="a">Verdú Navarro, Enrique</subfield>
      <subfield code="e">author</subfield>
   </datafield>
   <datafield ind2=" " ind1=" " tag="720">
      <subfield code="a">Valencia, José Antonio</subfield>
      <subfield code="e">author</subfield>
   </datafield>
   <datafield ind2=" " ind1=" " tag="720">
      <subfield code="a">Pico, Silvia</subfield>
      <subfield code="e">author</subfield>
   </datafield>
   <datafield ind2=" " ind1=" " tag="720">
      <subfield code="a">Díaz-Alejo, Clara</subfield>
      <subfield code="e">author</subfield>
   </datafield>
   <datafield ind2=" " ind1=" " tag="720">
      <subfield code="a">Katsuki, Masahito</subfield>
      <subfield code="e">author</subfield>
   </datafield>
   <datafield ind2=" " ind1=" " tag="720">
      <subfield code="a">Serrano-Alfonso, Ancor</subfield>
      <subfield code="e">author</subfield>
   </datafield>
   <datafield ind2=" " ind1=" " tag="720">
      <subfield code="a">Ruiz Cantero, Mª Carmen</subfield>
      <subfield code="e">author</subfield>
   </datafield>
   <datafield ind2=" " ind1=" " tag="260">
      <subfield code="c">2026-03-10</subfield>
   </datafield>
   <datafield ind2=" " ind1=" " tag="520">
      <subfield code="a">Background: Neuropathic pain (NP) is a complex chronic condition with limited therapeutic effectiveness. Despite multipledrug classes and international guidelines, real-world adherence remains inconsistent, and data on prescribing practices amongpain specialists is scarce.Methods: We conducted a nationwide cross-sectional survey among members of the Spanish Pain Society in May 2025. A struc-tured 62-item questionnaire assessed prescribing habits, decision-making criteria, guideline adherence, dosage patterns, and therecognition and management of tolerance. Sociodemographic and professional data were also collected.Results: A total of 220 pain specialists (52% female) completed the survey; 28% had over 20 years of clinical experience.Satisfaction with current pharmacological options was modest, with 52% reporting dissatisfaction or indifference. Prescribing was mainly guided by clinical experience (43%) and guideline recommendations (36%). Gabapentin (45%) and pregabalin (40%)were the most frequent first-line choices, followed by tricyclic antidepressants (amitriptyline; 9%), duloxetine (5%) and venla-faxine (1%). Tramadol dominated second-line use (65%), followed by capsaicin (22%) or lidocaine (5%) patches. Half of the par-ticipants reported tolerance, typically after 3–12 months, managed mainly by dose escalation or switching drug classes. Dosagepractices for gabapentinoids and antidepressants showed marked heterogeneity, with frequent deviations from recommendedtitration protocols.Conclusions: NP management in Spain shows variability and partial alignment with international guidelines. Gabapentinoids,tricyclic antidepressants and duloxetine remain preferred treatments, but reliance on personal experience and awareness oftolerance hinder evidence-based practice. Quantifying Spanish pain specialists' views on tolerance supports calls for nationalconsensus, better dosing education and further research to harmonise care and improve outcomes.Significance: This nationwide survey provides the first systematic assessment of neuropathic pain management in Spain, re-vealing marked variability, only partial adherence to international guidelines, and persistent reliance on clinical experienceover evidence. It confirms gabapentinoids, tricyclic antidepressants and duloxetine as preferred treatments, identifies continuedtramadol use despite conflicting recommendations, and quantifies for the first time clinicians' perception and management oftolerance. These findings fill a major evidence gap and directly inform future national consensus, educational initiatives andclinical practice improvement</subfield>
   </datafield>
   <datafield ind2=" " ind1=" " tag="520">
      <subfield code="a">Gebro Pharma provided financial support for the survey</subfield>
   </datafield>
   <datafield tag="653" ind2=" " ind1=" ">
      <subfield code="a">Assaigs clínics</subfield>
   </datafield>
   <datafield tag="653" ind2=" " ind1=" ">
      <subfield code="a">Clinical trials</subfield>
   </datafield>
   <datafield tag="653" ind2=" " ind1=" ">
      <subfield code="a">Medicaments -- Prescripció</subfield>
   </datafield>
   <datafield tag="653" ind2=" " ind1=" ">
      <subfield code="a">Drugs -- Prescribing</subfield>
   </datafield>
   <datafield tag="653" ind2=" " ind1=" ">
      <subfield code="a">Neuralgia</subfield>
   </datafield>
   <datafield tag="653" ind2=" " ind1=" ">
      <subfield code="a">Neuràlgia</subfield>
   </datafield>
   <datafield ind2="0" ind1="0" tag="245">
      <subfield code="a">Prescription trends and clinical decision-making in neuropathic pain pharmacological treatment :  results from a cross-sectional survey by the spanish pain society</subfield>
   </datafield>
</record></metadata></record></GetRecord></OAI-PMH>